000 00488nam a2200193Ia 4500
003 IIN
005 20240125122207.0
008 231217s9999 xx 000 0 und d
020 _a9788190560542
040 _aIIN
_bEnglish
082 _a610.73
_bSIN
100 1 _aSingarayan, Vasantha
245 1 _aCumulative Record:
_bfor B.Sc Nursing
_cVasantha Singarayan
250 _a4th ed
260 _bEMMESS
_aBangalore
_c2013
300 _aii, 67p.
650 1 _aRecord Book
942 _cBOOK
999 _c1636
_d1636